Countries Served by Vietnam Airlines - Statistics

General Stats
  • This quiz has been taken 717 times
    464 since last reset
  • The average score is 14 of 17
Answer Stats
Cities Country % Correct
10 China
99%
2 Thailand
94%
4 Japan
92%
2 Indonesia
89%
2 Malaysia
89%
1 India
88%
2 Laos
87%
2 South Korea
87%
1 United States
86%
2 Cambodia
85%
1 Singapore
84%
2 Australia
81%
1 United Kingdom
81%
1 France
76%
2 Taiwan
70%
1 Germany
69%
1 Myanmar
66%
No matching quizzes found
Score Distribution
Percent of People with Each Score
Percentile by Number Answered
Your Score History
You have not taken this quiz since the last reset